000 00733nam a2200241 i 4500
001 C2-0217352
003 PPAK
005 20180728105817.0
008 990621s1999 my |||| ||||| | may d
020 _a9830760618
040 _aPPAK
_beng
_cPPAK
_erda
082 0 4 _a899.2309
_2 23
090 0 0 _a899.2309
_bILI
_dG
100 0 _aIlias Haji Zaidi, Haji,
_eauthor
245 1 0 _aAnalisis komprehensif warna sari sastera Melayu moden STPM :
_bbahagian drama dan sajak
264 1 _aKuala Lumpur :
_bElman ,
_c1999
300 _axxix, 446 pages ;
_c21 cm
336 _2rdacontent
_atext
337 _2rdamedia
_aunmediated
338 _2rdacarrier
_avolume
650 1 0 _aMalay literature - History and criticism
942 _ddc
_cB
999 _c160573
_d160573